Advances in Mechanical Design Proceedings of the 2017 International Conference on Mechanical Design (ICMD2017) /

Focusing on innovation, these proceedings present recent advances in the field of mechanical design in China and offer researchers, scholars and scientists an international platform to present their research findings and exchange their ideas. In the context of the "Made in China 2025" deve...

Celý popis

Uloženo v:
Podrobná bibliografie
Médium: Elektronický zdroj E-kniha
Jazyk:angličtina
Vydáno: Singapore : Springer Singapore , 2018.
Vydání:1st ed. 2018.
Edice:Mechanisms and Machine Science, 55
Témata:
ISBN:9789811065538
ISSN:2211-0984 ;
On-line přístup: Získat plný text
Tagy: Přidat tag
Žádné tagy, Buďte první, kdo vytvoří štítek k tomuto záznamu!

MARC

LEADER 00000nam a22000005i 4500
003 SK-BrCVT
005 20220618114834.0
007 cr nn 008mamaa
008 171114s2018 si | s |||| 0|eng d
020 |a 9789811065538 
024 7 |a 10.1007/978-981-10-6553-8  |2 doi 
035 |a CVTIDW06611 
040 |a Springer-Nature  |b eng  |c CVTISR  |e AACR2 
041 |a eng 
245 1 0 |a Advances in Mechanical Design  |h [electronic resource] :  |b Proceedings of the 2017 International Conference on Mechanical Design (ICMD2017) /  |c edited by Jianrong Tan, Feng Gao, Changle Xiang. 
250 |a 1st ed. 2018. 
260 1 |a Singapore :  |b Springer Singapore ,  |c 2018. 
300 |a XVIII, 1707 p. 1077 illus.  |b online resource. 
490 1 |a Mechanisms and Machine Science,  |x 2211-0984 ;  |v 55 
500 |a Engineering  
505 0 |a Mechanical Assembly Accuracy Analysis Considering the Actual Working Condition -- Thermodynamic Research on Flexible Bearing in Harmonic Drive -- Modeling the Behavior Process of Electromechanical Systems Based on Behavior Trees -- A CAD Model Retrieval System Based on Design Intent -- Simulation Research on Tool Temperature Field in High Speed Inner Cooling Milling -- Modal Optimization Analysis of Large-scale Modular Deployable Structure for SAR. 
516 |a text file PDF 
520 |a Focusing on innovation, these proceedings present recent advances in the field of mechanical design in China and offer researchers, scholars and scientists an international platform to present their research findings and exchange their ideas. In the context of the "Made in China 2025" development strategy, one central aspect of the ICMD2017 was Innovative Design Pushes "Made in China 2025." The book highlights research hotspots in mechanical design, such as design methodology, green design, robotics and mechanics, and reliability design, while also combining industrial design and mechanical design. 
650 0 |a Engineering design. 
650 0 |a Robotics. 
650 0 |a Automation. 
650 0 |a Industrial engineering. 
650 0 |a Production engineering. 
856 4 0 |u http://hanproxy.cvtisr.sk/han/cvti-ebook-springer-eisbn-978-981-10-6553-8  |y Vzdialený prístup pre registrovaných používateľov 
910 |b ZE03891 
919 |a 978-981-10-6553-8 
974 |a andrea.lebedova  |f Elektronické zdroje 
992 |a SUD 
999 |c 272141  |d 272141